| 000 | 00846nam a22002657a 4500 | ||
|---|---|---|---|
| 003 | BPGM | ||
| 008 | 260627s mx ||||| ||||o001 pbspa d | ||
| 020 | _aISBN 970-18-43334-7 | ||
| 040 | _bspa | ||
| 041 |
_aSPA _hSPA |
||
| 082 | 0 | 4 |
_aCQ 808.8121 _bEJ.17 |
| 100 | _aJOSE MORALES FLORES | ||
| 240 | _aPOESÌAS CON SABOR LAURINO | ||
| 245 | _aPOESÌAS CON SABOR LAURINO | ||
| 260 |
_aQUERÈTARO _bLIC. ALVARO MONDRAGÒN PÈREZ _c2001 |
||
| 300 |
_a49 _c21,5X14 |
||
| 336 |
_2rdacontent _atexto _btxt |
||
| 337 |
_2rdamedia _asin mediación _bn |
||
| 338 |
_2rdacarrier _avolumen _bnc |
||
| 600 | _aJOSE MORALES FLORES | ||
| 610 | _tPOESÌAS CON SABOR LAURINO | ||
| 650 |
_a RETORICA Y COLECCIONES DE LITERATURA _vLITERATURA Y RETORICA _xGENEREALIDADES _y |
||
| 700 |
_aJOSE MORALES FLORES _eMIGUEL BRINGAS RODRIGUEZ |
||
| 942 |
_2ddc _cCOLQ |
||
| 999 |
_c68699 _d68699 |
||